000 00604nam a22001937a 4500
005 20260121154951.0
010 _aENG-147624
020 _a9788119670963
_c395.00
035 _aEN-131156
037 _bDBAD
082 _a363.34
_21
100 _aSathe, Nitin
_986763
245 _aA Few Good Men And The Angry Sea:
_bLessons in Disaster Management/
_cNitin Sathe
250 _a1
260 _aNew Delhi
_bVitasta Publishing
_c2025
270 _a2/15,Ansari Road,Daryaganj,
_bNew Delhi
_e110002
_mvitastapublishing.com
300 _a168p.
_c21cm(Pb)
942 _2ddc
_cEN
_h363.34
_mSAT
999 _c214418
_d214418